| 000 | 00656nam a22002057a 4500 | ||
|---|---|---|---|
| 003 | OSt | ||
| 005 | 20251126163829.0 | ||
| 008 | 251126b |||||||| |||| 00| 0 eng d | ||
| 020 | _a0-471-38492-5. | ||
| 040 |
_aDWCL-Main lib _cOC |
||
| 082 | _aCirc. 621.38456 M685s 2000 | ||
| 100 | _aMitola, Joseph | ||
| 245 |
_aSoftware radios : _bwireless architectures for the 21st century/ _cMitola, Joseph |
||
| 260 |
_aN. Y. : _bJohn Wiley & Sons, Inc., _cc2000. |
||
| 300 |
_axix, 543 p. : _bill. ; _c24 cm. |
||
| 650 | _a1. Cellular phones. | ||
| 650 | _a2. Digital analog computers. | ||
| 650 | _a3. Radio frequency modulation. | ||
| 942 |
_2ddc _cBK-CIRC _kFil. _n0 |
||
| 999 |
_c6412 _d6412 |
||